000 00529nam a2200169Ia 4500
008 090711s9999 xx 000 0 und d
082 _b92
100 _aदाते हेमंत
245 _aनिसर्ग बोलतोय (भाग 1)
260 _c1996
300 _a30
600 _aदाते हेमंत
630 _aनिसर्ग बोलतोय (भाग 1)
700 _aदाते हेमंत
730 _aनिसर्ग बोलतोय (भाग 1)
942 _cBOOK
999 _c324972
_d324972